Avaliação de desempenho : (Record no. 918)

MARC details
000 -LÍDER
Campo Fixo de Controle 00822nam a2200241 a 4500
001 - NÚMERO DE CONTROLE
Campo de Controle 918
003 - IDENTIFICAÇÃO DO NÚMERO DE CONTROLE
Campo de Controle BR-CuiBMT
005 - DATA E HORA DA ÚLTIMA ATUALIZAÇÃO
Campo de Controle 20231123000335.0
008 - DADOS FIXOS
Dados Fixos 231122s2010 spba 000 0 por d
020 ## - INTERNATIONAL STANDARD BOOK NUMBER
Nº do ISBN 9788536116280
040 ## - AGÊNCIA CATALOGADORA
Código da Agência Catalogadora BR-CuiBMT
Agência que transcreveu o registro BR-CuiBMT
080 ## - Nº DA CLASSIFICAÇÃO DECIMAL UNIVERSAL
Nº edição CDU 2007
Nº Class. CDU 658.31.084.3
090 ## - NÚMERO DE CHAMADA
Nº classificação 658.31.084.3
Cutter P814a
Ano/Edição 11. ed.
100 1# - ENTRADA PRINCIPAL -- AUTOR PESSOAL
Nome pessoal Pontes, Benedito Rodrigues
245 10 - TÍTULO PRINCIPAL
Título principal Avaliação de desempenho :
Subtítulo métodos clássicos e contemporâneos, avaliação por objetivos, competências e equipes /
Indicação de responsabilidade Benedito Rodrigues Pontes.
250 ## - EDIÇÃO
Edição 11. ed.
260 ## - PUBLICAÇÃO, DISTRIBUIÇÃO, ETC.
Local de publicação São Paulo :
Editora Saraiva,
Data 2010.
300 ## - DESCRIÇÃO FÍSICA
N. páginas ou volumes 230 p. :
Ilustrações il. ;
Dimensões 23 cm
504 ## - NOTA DE BIBLIOGRAFIA, ETC.
Nota de bibliografia Inclui bibliografia.
650 ## - ASSUNTO TÓPICO
Cabeçalho tópico ou nome geográfico Avaliação de desempenho
Subdivisão de forma Modelo
650 ## - ASSUNTO TÓPICO
Cabeçalho tópico ou nome geográfico Administração de pessoal
Subdivisão geral Avaliação de desempenho
942 ## - ELEMENTOS DE ENTRADA ADICIONAIS (KOHA)
Fonte de classificação ou esquema de arquivamento Classificação Decimal Universal
Tipo de item do Koha Livros
Holdings
Estado: removido Estado: perdido Fonte de classificação ou esquema de arquivamento Estado: danificado Indisponível para empréstimo Localização permanente Localização atual Data de aquisição Total Checkouts Número de Chamada completo Código de barras Date last seen Número do exemplar Preço efetivo a partir de Tipo de item (Koha)
    Classificação Decimal Universal     Biblioteca da Escola Superior de Contas do TCE/MT Biblioteca da Escola Superior de Contas do TCE/MT 23/11/2023   658.31.084.3 P814a 11. ed. BIBTCEMT23110911 23/11/2023 Ex. 1 23/11/2023 Livros

Powered by Koha